Vista normal
Vista MARC
Entrada Personal Name
Número de registros utilizados en: 1
001 - CONTROL NUMBER
- control field: 44372
003 - CONTROL NUMBER IDENTIFIER
- control field: OSt
005 - DATE AND TIME OF LATEST TRANSACTION
- control field: 20250929160318.0
008 - FIXED-LENGTH DATA ELEMENTS
- fixed length control field: 250929|| aca||aabn | a|a d
040 ## - CATALOGING SOURCE
- Original cataloging agency: OSt
- Transcribing agency: OSt
100 ## - HEADING--PERSONAL NAME
- Personal name: Moncaleano Archila, Arturo
670 ## - SOURCE DATA FOUND
- Source citation: Work cat.: (OSt)31095: Foro Hábitat y el Derecho a la Vivienda Digna ( : 2005 : Bogotá) 44366, Hábitat y el derecho a la vivienda digna / , 2006.